01706nam a22002537a 450000500170000000800410001704000700005804100080012808200160013610000300015224201010018224500990028326000620038230000360044449000430048050004790052350400530100250501190105550600210117454600230119558601350121860000640135365000350141720161014144105.0130419n||||||||fr ||||fr|||||001|0bfre d aCo-BoUCMbspacSandra Yazo (modificó)dSandra Yazo (modificó)0 afre04a923.1442201 aLévy, Arthurd1847-193100aNapoleón íntimocpor Arthur-Lévy ; Obra precedida de un estudio de Francisco Coppéeyspa10aNapoléon intimecpar Arthur-Lévy ... ; Précédé d'une étude par François Coppée aParís (Francia)bNelson Éditeursc[fecha desconocida] axix, 554 páginasc16 x 12 cm. 0aCollection Nelson [Colección Nelson] aDetalles físicos: Encuadernación rígida en cartón forrado en tela encolada. Lomo y tapa delantera con repujados decorados en dos tintas. Guardas. Hoja de cortesía con una ilustración del biografiado. Portada impresa en una sola tinta, con una anotación manuscrita de donación de Juan Crisóstomo García, en la página III sello seco con las iniciales del donante. Cenefas y remates. Texto impreso en una sola columna con varios tipos y tamaños de letra aIncluye referencias bibliográficas e índices0 aLos comienzos ; Esposo y padre ; La familia ; Sociabilidad ; Generosidad ; Costumbres e ideas personales ; El jefe aConsulta en sala aTexto en francés aOuvrage couronné par L'Académie Française (Prix Thérouanne) [Obra laureada por la Academia Francesa (Premio Thérouanne)]14aNapoleón IcEmperador de Franciad1769-1821vBiografías 7aReyes y soberanos xBiografias